| 000 | 00675nam a2200205 a 4500 | ||
|---|---|---|---|
| 001 | 000000667 | ||
| 005 | 20250401123606.0 | ||
| 008 | 090422s2007 es a 000 0 spa d | ||
| 020 | _a8496823156 | ||
| 020 | _a9788496823150 | ||
| 040 |
_aDO-SdBNP _bspa _cBNPHU |
||
| 082 |
_a745.92 _bA786 |
||
| 245 | 0 | 0 | _aArte floral. |
| 260 |
_a[ España] : _bLexus, _c2007. |
||
| 300 |
_a238 p. : _bil. ; _c28 cm. |
||
| 505 | 0 |
_tTécnica -- _tComposiciones -- _tEn la mesa -- _tRamos de Mano -- _tEn la boda -- _tJaponés. Ikebana -- _tNavideño -- _tCreativo -- _tFunerario |
|
| 650 | 4 |
_aArreglos florales _92228 |
|
| 650 | 4 |
_aArte decorativo _92229 |
|
| 650 | 0 |
_aDecoración y ornamentación _92230 |
|
| 999 |
_c663 _d663 |
||